000
00319nam a2200121Ia 4500
008
220216s9999 xx 000 0 und d
245
0
_a
Malaysian rubber industry in the competitive mode
260
_b
The Rubber International
_c
2013
300
_a
16-19
650
_a
Malaysia
650
_a
Rubber industry
942
_c
JS
999
_c
62401
_d
62401